000
00363nam a2200169Ia 4500
100
_a
Chase/Richard B
650
_a
Supply Chain Management
250
_a
15
942
_c
BK
366
_f
20
245
_a
Operations and supply chain management
260
_b
McGraw Hill
_c
2018
082
_a
658.5
_b
CHA
300
_a
793
546
_a
ENGLISH
999
_c
22602
_d
22602